000 00602nam a2200181 i 4500
001 145578
003 ES-MaACL
005 20230906201248.0
007 t|
008 071015s1961 sp ||||1| spa d
245 0 3 _aLa vida maravillosa de los animales.
260 _aBarcelona :
_bInstituto Gallach,
_c[1961]
300 _a1 v. :
_bil. ;
_c31 cm.
505 8 _aContiene: I: Vertebrados / por don Antonio Jonch Cuspinera. - 2 h., 16, 156 p., 317 lám., 7 lám. en col.
650 1 4 _aEcología animal.
_912001
700 1 _aJonch i Cuspinera, Antoni.
_966823
852 _aES-MaACL
_jP-1072
_bR.48002
999 _c145578
_d145578